书目信息 |
| 题名: |
可持续建筑实践
|
|
| 作者: | 乔治贝尔德 著 ;刘可为 , 吴寒亮 译 | |
| 分册: | ||
| 出版信息: | 北京 中国建筑工业出版社 2013.10 |
|
| 页数: | 323页 | |
| 开本: | 29cm | |
| 丛书名: | ||
| 单 册: | ||
| 中图分类: | TU201 | |
| 科图分类: | ||
| 主题词: | 建筑设计--jian zhu she ji--可持续性发展--研究 | |
| 电子资源: | ||
| ISBN: | 978-7-112-15602-3 | |
| 000 | 01265nam0 2200301 450 | |
| 001 | 0100122415 | |
| 005 | 20191105081655.68 | |
| 010 | @a978-7-112-15602-3@dCNY68.00 | |
| 100 | @a20131031d2013 em y0chiy50 ea | |
| 101 | 1 | @achi@ceng |
| 102 | @aCN@b110000 | |
| 105 | @aak a 000yy | |
| 200 | 1 | @a可持续建筑实践@Ake chi xu jian zhu shi jian@e从用户角度考虑@f乔治·贝尔德著@Fqiao zhi bei er de zhu@g刘可为, 吴寒亮译@Gliu ke wei , wu han liang yi |
| 210 | @a北京@c中国建筑工业出版社@d2013.10 | |
| 215 | @a323页@c图@d29cm | |
| 306 | @a由英国Taylor & Francis Group出版公司授权 | |
| 320 | @a有书目 | |
| 330 | @a本书是用“使用后评价”的方法来审视已建成的建筑。作者从可持续发展建筑的性能研究及用户的角度, 从运行因素、环境因素、个人控制因素和满意度等方面, 对欧洲、美洲、澳洲、亚洲等地区11个国家30余个商业建筑及公共建筑进行了详细评估, 系统讨论并深入剖析了不同气候条件下这些建筑可持续发展的设计原则和创新实践。 | |
| 517 | 1 | @a从用户角度考虑 |
| 540 | @a可持续建筑实践 | |
| 606 | 0 | @a建筑设计@Ajian zhu she ji@x可持续性发展@x研究 |
| 690 | @aTU201@v5 | |
| 701 | 0 | @a乔治贝尔德@Aqiao zhi bei er de@4著 |
| 702 | 0 | @a刘可为@Aliu ke wei@4译 |
| 702 | 0 | @a吴寒亮@Awu han liang@4译 |
| 801 | @aCN | |
| 901 | @a1418 | |
| 905 | @b1102831-3@dTU201@eQ340@f3@a241430 | |
| 可持续建筑实践:从用户角度考虑/乔治·贝尔德著/刘可为, 吴寒亮译.-北京:中国建筑工业出版社,2013.10 |
| 323页:图;29cm |
| ISBN 978-7-112-15602-3:CNY68.00 |
| 本书是用“使用后评价”的方法来审视已建成的建筑。作者从可持续发展建筑的性能研究及用户的角度, 从运行因素、环境因素、个人控制因素和满意度等方面, 对欧洲、美洲、澳洲、亚洲等地区11个国家30余个商业建筑及公共建筑进行了详细评估, 系统讨论并深入剖析了不同气候条件下这些建筑可持续发展的设计原则和创新实践。 |
| ● |
| 相关链接 |
|
|
|
正题名:可持续建筑实践
索取号:TU201/Q340
 
预约/预借
| 序号 | 登录号 | 条形码 | 馆藏地/架位号 | 状态 | 备注 |
| 1 | 1102831 | 211028314 | 建筑库101/101建筑库 32排4列3层/ [索取号:TU201/Q340] | 在馆 | |
| 2 | 1102832 | 211028323 | 建筑库101/101建筑库 32排4列3层/ [索取号:TU201/Q340] | 在馆 | |
| 3 | 1102833 | 211028332 | 建筑库101/101建筑库 32排4列3层/ [索取号:TU201/Q340] | 在馆 | |
| 4 | 1232172 | 212321726 | 建筑库101/101建筑库 32排4列3层/ [索取号:TU201/Q340] | 在馆 | |
| 5 | 1232173 | 212321735 | 建筑库101/101建筑库 32排4列3层/ [索取号:TU201/Q340] | 在馆 | |
| 6 | 1232174 | 212321744 | 建筑库101/101建筑库 32排4列3层/ [索取号:TU201/Q340] | 在馆 | |
| 7 | 1232175 | 212321753 | 建筑库101/101建筑库 32排4列3层/ [索取号:TU201/Q340] | 在馆 | |
| 8 | 1232176 | 212321762 | 建筑库101/101建筑库 32排4列3层/ [索取号:TU201/Q340] | 在馆 | |
| 9 | 1232177 | 212321771 | 建筑库101/101建筑库 32排4列3层/ [索取号:TU201/Q340] | 在馆 |